Čo prináša novela zákona č. 461/2003 Z. z. o sociálnom poistení v znení neskorších predpisov

Návrh zákona, ktorým sa mení a dopĺňa zákon č. 461/2003 Z. z. o sociálnom poistení v znení neskorších predpisov a o zmene a doplnení niektorých zákonov.

Gespeichert in:
Bibliographische Detailangaben
1. Verfasser: Šagiová, Martina
Weitere Verfasser: Zamboriová, Jana
Format: Buchkapitel
Sprache:Slowakisch
Schlagworte:
Tags: Tag hinzufügen
Keine Tags, Fügen Sie das erste Tag hinzu!

MARC

LEADER 00000naa a2200000 4500
001 0136517
005 20220729105117.4
041 0 |a slo 
044 |a SK 
245 1 0 |a Čo prináša novela zákona č. 461/2003 Z. z. o sociálnom poistení v znení neskorších predpisov  |c Martina Šagiová, Jana Zamboriová 
520 |a Návrh zákona, ktorým sa mení a dopĺňa zákon č. 461/2003 Z. z. o sociálnom poistení v znení neskorších predpisov a o zmene a doplnení niektorých zákonov. 
610 2 0 |a poistenie sociálne 
610 2 0 |a poistenie nemocenské 
610 2 0 |a základ vymeriavací 
610 2 0 |a poistné 
610 2 0 |a zabezpečenie sociálne 
610 2 0 |a legislatíva 
610 2 0 |a zákony 
100 1 |a Šagiová, Martina 
700 1 |a Zamboriová, Jana